00433nam a22001457a 450000500170000001000130001702000260003003500130005603700340006908200100010310000330011324500730014626000510021930000170027020190124164236.0 aB-713089 a9788192757001c650.00 aB-713089 bTrans-India Book Distributors a920  aTripathi, Satya Prakash Mani aSardar Patel:bthe iron man of Indiacby Satya Prakash Mani Tripathi aNew DelhibTrans-India Book Distributorsc2015 a206p.c22cm